| 000 | 00731aaa a2200229 a 4500 | ||
|---|---|---|---|
| 001 | 79037 | ||
| 003 | BD-RjUL | ||
| 005 | 20211220143548.0 | ||
| 008 | 211220s1935 ir ||||| |||| 001 e urd d | ||
| 035 | _a(BD-RjUL) 79037 | ||
| 040 |
_aBD-RjUL _beng _cBD-RjUL |
||
| 041 | _aurd/per | ||
| 082 |
_223 _a891.551 _bSAR 1935 |
||
| 100 | 1 |
_aسعدي, الشيرازي ;; Saʻdī.; Shiraji _9248125 |
|
| 245 | 1 | 0 |
_aگلستان مترجم;; Tarjuma Gulistan / _cسعدى الشيرازي ;; Saada Shirazi |
| 260 |
_aLakhnu : _bMatbu Munsi Nolkishar, _c1938 |
||
| 260 |
_aTehran : _bFarhang Mashriq, , _c2004 |
||
| 300 |
_a284p. ; _c23 cm |
||
| 650 |
_aنثر فارسي _9248126 |
||
| 650 |
_aPersian prose _9248127 |
||
| 942 |
_2ddc _cBK |
||
| 999 |
_c79037 _d79037 |
||